[Event "36th Olympiad w"]
[Site "Calvia ESP"]
[Date "2004.10.25"]
[Round "10"]
[White "Lagvilava,G"]
[Black "Jackova,J"]
[Result "0-1"]
[WhiteElo "2299"]
[BlackElo "2408"]
[EventDate "2004.10.15"]

1. e4 e5 2. Nf3 Nc6 3. Nc3 Nf6 4. d4 exd4 5. Nxd4 Bb4 6. Nxc6 bxc6 7. Bd3
d5 8. exd5 cxd5 9. O-O O-O 10. Bg5 c6 11. Na4 h6 12. Bh4 Bd6 13. Re1 Rb8
14. c3 c5 15. Bc2 Bd7 16. b3 g5 17. Bg3 Bxg3 18. hxg3 Bxa4 19. bxa4 Re8 20.
Qf3 Qd6 21. Qf5 Rxe1+ 22. Rxe1 Re8 23. Rxe8+ Nxe8 24. Qc8 Qe7 25. Kf1 Kg7
26. a5 Nf6 27. Qf5 c4 28. Bd1 Qa3 29. Qc2 Ne4 30. Bf3 Nxc3 31. Qd2 Qxa5 32.
Bxd5 Qxd5 33. Qxc3+ Kg6 34. f3 a5 35. g4 f6 36. Ke2 Kf7 37. Qc2 Ke6 38. Qg6
Qe5+ 39. Kd2 Kd5 40. Qf7+ Kc5 41. Kc2 Qe2+ 42. Kb1 Qf1+ 43. Kb2 Qxg2+ 44.
Kb1 Qf1+ 45. Kb2 Qf2+ 46. Kb1 Qe1+ 47. Kc2 Qe2+ 48. Kb1 Qd1+ 49. Kb2 Qd2+
50. Kb1 Qd6 51. Kc1 Kb4 52. Qb7+ Ka4 53. Qa8 Qa3+ 54. Kb1 Qb4+ 55. Kc1 Ka3
56. f4 c3 57. Kc2 gxf4 58. Kd3 Kxa2 59. Qa6 f3 60. Qxf6 Qb3 61. Qxh6 f2 62.
Qh2 c2+ 0-1

[Event "36th Olympiad w"]
[Site "Calvia ESP"]
[Date "2004.10.25"]
[Round "10"]
[White "Sikorova,O"]
[Black "Sharevich,A"]
[Result "1-0"]
[WhiteElo "2252"]
[BlackElo "2266"]
[EventDate "2004.10.15"]

1. e4 c5 2. Nf3 e6 3. b3 Nc6 4. Bb2 a6 5. d4 cxd4 6. Nxd4 Qa5+ 7. Nd2 Nf6
8. Nxc6 bxc6 9. Bd3 Bb4 10. a3 Bc3 11. Bxc3 Qxc3 12. O-O d5 13. Re1 e5 14.
exd5 cxd5 15. Re3 Qc7 16. Qe2 Ng4 17. Rg3 O-O 18. Re1 f5 19. h3 f4 20. Rf3
e4 21. Nxe4 Re8 22. Qd2 dxe4 23. hxg4 Bb7 24. Bc4+ Kh8 25. Rxf4 Rf8 26.
Rxf8+ Rxf8 27. Rd1 Qb6 28. Qd4 Qa5 29. Qd6 Ra8 30. Qe7 Bc6 31. b4 Qb6 32.
Rd6 h6 33. Bf7 1-0

[Event "36th Olympiad w"]
[Site "Calvia ESP"]
[Date "2004.10.25"]
[Round "10"]
[White "Popova,N"]
[Black "Cedikova,K"]
[Result "1/2-1/2"]
[WhiteElo "2246"]
[BlackElo "2263"]
[EventDate "2004.10.15"]

1. e4 c5 2. Nf3 d6 3. d4 cxd4 4. Nxd4 Nf6 5. Nc3 g6 6. Be2 Bg7 7. O-O O-O
8. Re1 Nc6 9. Nb3 Be6 10. Bf1 d5 11. Nc5 Bg4 12. f3 d4 13. Nb5 Bc8 14. a4
e5 15. Na3 b6 16. Nd3 Bb7 17. Nc4 Qc7 18. b3 Rad8 19. Bg5 h6 20. Bh4 Rd7
21. Qd2 Nh7 22. Bg3 Re7 23. f4 f6 24. Be2 Na5 25. Nf2 Kh8 26. Nxa5 bxa5 27.
Bd3 g5 28. f5 h5 29. h4 g4 30. Nd1 Rc8 31. Nb2 Qc5 32. Nc4 Ba6 33. Red1
Bxc4 34. Bxc4 Nf8 35. Be1 Rec7 36. Qxa5 Bh6 37. Qxc5 Rxc5 38. a5 Nd7 39.
Ra4 R5c7 40. Bb4 Rxc4 41. bxc4 Rxc4 42. Rda1 Rxc2 43. R4a2 Be3+ 44. Kf1 Rc4
45. Bd2 Nc5 46. Bxe3 dxe3 47. Ke2 Nxe4 48. Kxe3 Ng3 49. Rb1 Nxf5+ 50. Kd3
Rd4+ 51. Kc3 Nd6 52. Rb8+ Kg7 53. a6 Kg6 54. Rb7 Ne4+ 55. Kb3 Nc5+ 56. Kc3
Ne4+ 57. Kb3 Rd3+ 58. Kc4 Rd4+ 59. Kb3 Nc5+ 60. Kc3 Ne4+ 1/2-1/2

[Event "36th Olympiad w"]
[Site "Calvia ESP"]
[Date "2004.10.25"]
[Round "10"]
[White "Seps,M"]
[Black "Chirivi,Y"]
[Result "0-1"]
[WhiteElo "2077"]
[BlackElo "2070"]
[EventDate "2004.10.15"]

1. e4 c5 2. Nf3 e6 3. d4 cxd4 4. Nxd4 Nc6 5. Nxc6 bxc6 6. Bd3 d5 7. O-O Nf6
8. Nd2 Qc7 9. Qe2 Bd6 10. Nf3 dxe4 11. Bxe4 Bb7 12. Bd3 h6 13. h3 O-O 14.
Re1 c5 15. Ne5 Bxe5 16. Qxe5 Qc6 17. Bf1 Nd5 18. a3 Rfd8 19. c4 Nb6 20. Qg3
Kf8 21. Bf4 Rd7 22. Rad1 Rad8 23. Rxd7 Rxd7 24. Be2 Nc8 25. Be5 f6 26. Bc3
e5 27. Bf3 Qc7 28. Bh5 Ne7 29. Qg4 Qc6 30. Qg3 Rd3 31. f3 Qe6 32. h4 Qxc4
33. Bg6 Rd8 34. Be4 Bxe4 35. Rxe4 Rd1+ 36. Re1 Rxe1+ 37. Qxe1 Nd5 38. Ba5
Qd4+ 39. Qf2 Ke7 40. h5 Nf4 41. Qxd4 cxd4 42. g4 f5 43. Bc7 Ke6 44. Kf1
fxg4 45. fxg4 Nd5 46. Bb8 a6 47. Ke2 Nf6 48. b4 Nxg4 49. Ba7 Kd5 50. Bc5
Nf6 0-1

[Event "36th Olympiad w"]
[Site "Calvia ESP"]
[Date "2004.10.25"]
[Round "10"]
[White "Dembo,Y"]
[Black "Zapata,K"]
[Result "1-0"]
[WhiteElo "2396"]
[BlackElo "2162"]
[EventDate "2004.10.15"]

1. e4 e6 2. d4 d5 3. Nd2 Nf6 4. e5 Nfd7 5. Bd3 c5 6. c3 Nc6 7. Ngf3 Qb6 8.
O-O cxd4 9. cxd4 Nxd4 10. Nxd4 Qxd4 11. Nf3 Qb6 12. Qa4 Be7 13. Qg4 Kf8 14.
Rb1 h5 15. Qf4 Qb4 16. Nd4 Kg8 17. Bd2 Qb6 18. Nf3 Nc5 19. Bc2 Bd7 20. b4
Na4 21. Rfc1 a6 22. Ng5 Rf8 23. Bxa4 Bxa4 24. Rc8 Bxg5 25. Rxf8+ Kxf8 26.
Qxg5 Bb5 27. Qh4 Qc7 28. Rc1 Bc4 29. Be3 Ke8 30. Qg5 Rh7 31. a4 Qe7 32. Qf4
Qxb4 33. Qd4 Rh8 34. Qa1 Qa5 35. Qa3 Qc7 36. Rb1 f6 37. exf6 gxf6 38. Rb6
Kf7 39. Qb2 Rb8 40. Qb1 Kg7 41. Rxe6 d4 42. Bh6+ Kh8 43. Rxf6 Qe5 44. Rg6
Rg8 45. Rxg8+ Kxg8 46. Qg6+ Kh8 47. h4 Qe1+ 48. Kh2 Qe5+ 49. f4 Bd3 50.
Qxd3 Qd6 51. Bg5 b5 52. axb5 axb5 53. Qxb5 d3 54. Qe5+ 1-0

[Event "36th Olympiad w"]
[Site "Calvia ESP"]
[Date "2004.10.25"]
[Round "10"]
[White "Calle,M"]
[Black "Makropoulou,M"]
[Result "1/2-1/2"]
[WhiteElo "2111"]
[BlackElo "2270"]
[EventDate "2004.10.15"]

1. e4 d5 2. exd5 Qxd5 3. Nc3 Qa5 4. d4 c6 5. Nf3 Nf6 6. Bd3 Bg4 7. h3 Bh5
8. g4 Bg6 9. Ne5 Nbd7 10. Nxg6 hxg6 11. Qe2 O-O-O 12. Bd2 Qb6 13. O-O-O e6
14. Be3 Qa5 15. Kb1 Bb4 16. Bd2 Nb6 17. a3 Bxc3 18. Bxc3 Qd5 19. Qe5 Qxe5
20. dxe5 Nfd7 21. Be4 Nd5 22. Bxd5 cxd5 23. Bd4 b6 24. Rd3 Nb8 25. Rf3 Nc6
26. Rd1 Rd7 27. b4 Kb7 28. c3 Rc7 29. Kb2 Rh4 30. Re1 Kc8 31. Ree3 Kd8 32.
Kb3 Ke8 33. Kb2 Rh7 34. Kb3 Rh8 35. Kb2 Ne7 36. Re1 Rc4 37. b5 g5 38. Ra1
Ng6 39. a4 Nf4 40. a5 Rxh3 41. Rxh3 Nxh3 42. axb6 axb6 43. Ra8+ Kd7 44.
Bxb6 Nf4 45. Ra7+ Kc8 46. Rxf7 Nd3+ 47. Kb3 Nxe5 48. Rxg7 Rxg4 49. Be3 Nc4
50. Bxg5 Nd2+ 51. Kc2 Ne4 52. Rg8+ Kb7 53. Rg7+ Kc8 54. Rg8+ Kb7 55. Rg7+
Kc8 56. Rg8+ Kb7 57. Rg7+ 1/2-1/2

[Event "36th Olympiad w"]
[Site "Calvia ESP"]
[Date "2004.10.25"]
[Round "10"]
[White "Fakhiridou,E"]
[Black "Aliaga Fernandez,I"]
[Result "0-1"]
[WhiteElo "2258"]
[BlackElo "2141"]
[EventDate "2004.10.15"]

1. e4 c5 2. Nc3 e6 3. g3 d6 4. Bg2 Nc6 5. d3 g6 6. Be3 Bg7 7. Qd2 Rb8 8.
Nge2 Nd4 9. O-O Ne7 10. Nc1 O-O 11. Nd1 b5 12. c3 Ndc6 13. Ne2 a5 14. f4 a4
15. g4 f5 16. gxf5 gxf5 17. Ng3 Qe8 18. Rc1 Bb7 19. Nf2 b4 20. cxb4 Nxb4
21. d4 Ba6 22. Rfd1 Nxa2 23. Ra1 Bc4 24. Bf1 Bb3 25. dxc5 d5 26. e5 Bxd1
27. Nxd1 Nb4 28. Nc3 Nec6 29. Nge2 Qg6+ 30. Kh1 Rbd8 31. Nd4 Nxd4 32. Bxd4
Kh8 33. Rxa4 Nc6 34. Ne2 Ra8 35. Rxa8 Rxa8 36. b4 Rb8 37. Bc3 Qg4 38. Nd4
Nxd4 39. Bxd4 Qf3+ 40. Bg2 Qb3 41. Bc3 Bh6 42. Bf1 Bxf4 43. Qe1 Rg8 44. Bg2
Qc2 45. Qf1 Bxh2 46. Bd4 Bg3 47. b5 Rg4 48. Qa1 Rh4+ 49. Kg1 Bh2+ 50. Kh1
Bxe5+ 0-1

[Event "36th Olympiad w"]
[Site "Calvia ESP"]
[Date "2004.10.25"]
[Round "10"]
[White "Berezina,I"]
[Black "Van der Merwe,C"]
[Result "1/2-1/2"]
[WhiteElo "2281"]
[BlackElo "2059"]
[EventDate "2004.10.15"]

1. Nf3 Nf6 2. g3 d5 3. Bg2 e6 4. O-O Be7 5. d3 c5 6. Nbd2 Nc6 7. e4 Qc7 8.
Re1 b6 9. c3 Bb7 10. Qe2 h6 11. Nf1 dxe4 12. dxe4 Rd8 13. a3 Qc8 14. b4 O-O
15. Bb2 Qb8 16. N1d2 Ne5 17. Nxe5 Qxe5 18. Nc4 Qc7 19. b5 Qd7 20. a4 Ne8
21. Red1 Qc7 22. Rxd8 Qxd8 23. Rd1 Qc7 24. e5 Bxg2 25. Kxg2 Qc8 26. Qd3 Nc7
27. Qf3 Rd8 28. Ne3 Rxd1 29. Qxd1 Qd8 30. Qxd8+ 1/2-1/2

[Event "36th Olympiad w"]
[Site "Calvia ESP"]
[Date "2004.10.25"]
[Round "10"]
[White "Pretorius,M"]
[Black "Caoili,A"]
[Result "0-1"]
[WhiteElo "1965"]
[BlackElo "2250"]
[EventDate "2004.10.15"]

1. e4 c5 2. Nf3 e6 3. d4 cxd4 4. Nxd4 a6 5. Bd3 Bc5 6. Nb3 Be7 7. c4 d6 8.
Nc3 Nf6 9. O-O Nbd7 10. f4 Qc7 11. Be3 b6 12. Qf3 Bb7 13. Rad1 Rc8 14. Qh3
g6 15. Rd2 Qb8 16. Qf3 Qa8 17. h3 O-O 18. g4 Rfd8 19. g5 Nh5 20. Qg4 Bf8
21. Re2 Bg7 22. Bd2 Bc6 23. Bc2 b5 24. cxb5 axb5 25. a3 Nb6 26. f5 exf5 27.
exf5 Nc4 28. f6 Bf8 29. Bc1 Re8 30. Be4 d5 31. Bg2 Qa7+ 32. Nd4 Bc5 33. Rd1
Bd7 34. Qh4 Rxe2 35. Ncxe2 Re8 36. Kh1 Rxe2 37. Nxe2 Bf2 38. Qxh5 gxh5 39.
Rxd5 Ne3 40. Bxe3 Bxe3 41. Rd3 h6 42. gxh6 Bf5 43. Rd5 Bg6 44. Nc3 Qb6 45.
Rxb5 Qxf6 46. Rb8+ Kh7 47. Ne2 Qf2 0-1

[Event "36th Olympiad w"]
[Site "Calvia ESP"]
[Date "2004.10.25"]
[Round "10"]
[White "Medic,Mir"]
[Black "Ptacnikova,L"]
[Result "1/2-1/2"]
[WhiteElo "2237"]
[BlackElo "2257"]
[EventDate "2004.10.15"]

1. d4 Nf6 2. c4 e6 3. Nc3 Bb4 4. Qc2 O-O 5. a3 Bxc3+ 6. Qxc3 b6 7. Bg5 Bb7
8. f3 h6 9. Bh4 d6 10. e3 Nbd7 11. Bd3 c5 12. Ne2 Rc8 13. O-O d5 14. b3
dxc4 15. Bxc4 Qe7 16. Qb2 e5 17. Rad1 cxd4 18. exd4 e4 19. d5 Qc5+ 20. Rd4
b5 21. b4 Qb6 22. Bb3 exf3 23. Rxf3 Bxd5 24. Bxd5 Nxd5 25. Bf2 Qe6 26. h3
N7f6 27. Nf4 Nxf4 28. Rdxf4 Nd5 29. Rg4 f6 30. Bxa7 Rc3 31. Rxc3 Qe1+ 32.
Kh2 Qxc3 33. Qxc3 Nxc3 34. Rg3 Ra8 35. Rxc3 Rxa7 1/2-1/2

[Event "36th Olympiad w"]
[Site "Calvia ESP"]
[Date "2004.10.25"]
[Round "10"]
[White "Thorsteinsdottir,G"]
[Black "Jelica,M"]
[Result "1-0"]
[WhiteElo "2130"]
[BlackElo "2252"]
[EventDate "2004.10.15"]

1. d4 Nf6 2. c4 g6 3. Nc3 Bg7 4. Nf3 O-O 5. g3 d6 6. Bg2 c6 7. O-O Qa5 8.
e4 Bg4 9. Qb3 Qh5 10. e5 Nfd7 11. Ne4 dxe5 12. dxe5 Na6 13. Qxb7 Bxf3 14.
Qxd7 Bxg2 15. Kxg2 Qxe5 16. Nc3 Nb4 17. Bf4 Qc5 18. Rae1 e5 19. Bg5 f6 20.
Qe6+ Kh8 21. Ne4 Qd4 22. Nxf6 Nd3 23. Re4 Nc5 24. Qh3 Bxf6 25. Bxf6+ Rxf6
26. Rxd4 exd4 27. Qh4 Rd6 28. Qe7 Rad8 29. Qe5+ Kg8 30. Qxc5 d3 31. Rd1 d2
32. Qxa7 Rd4 33. Qe7 R4d6 34. a4 R8d7 35. Qe8+ Kg7 36. Qe5+ Kf7 37. a5 Re6
38. Qc3 Red6 39. a6 Rd3 40. Qc2 1-0

[Event "36th Olympiad w"]
[Site "Calvia ESP"]
[Date "2004.10.25"]
[Round "10"]
[White "Sargac,R"]
[Black "Gretarsdottir,L"]
[Result "1/2-1/2"]
[WhiteElo "2241"]
[BlackElo "2057"]
[EventDate "2004.10.15"]

1. d4 d5 2. c4 c6 3. Nf3 Nf6 4. Nc3 dxc4 5. a4 Bf5 6. e3 e6 7. Bxc4 Bb4 8.
O-O Nbd7 9. Qb3 a5 10. Ne5 Qc7 11. e4 Nxe5 12. exf5 Nxc4 13. Qxc4 exf5 14.
Re1+ Kf8 15. Bg5 Ng4 16. g3 Bd6 17. Qd3 f4 18. Qf3 h5 19. Ne4 fxg3 20. hxg3
Kg8 21. Nxd6 Qxd6 22. Re7 f6 23. Qb3+ Qd5 24. Qxb7 Qxg5 25. Qxa8+ Kh7 26.
Qxc6 f5 27. Re8 Rxe8 28. Qxe8 h4 29. Re1 hxg3 30. fxg3 Qd2 31. Qh5+ Nh6 32.
Qd1 Qxb2 33. Re2 Qa3 34. Kg2 Ng4 35. Qc2 g6 36. Qc7+ Kh6 37. Qf4+ Kh5 38.
Qb8 Qd3 39. Qh8+ Nh6 40. Qe5 Ng4 41. Qe7 Nf6 42. Qe3 Qd1 43. Re1 Ng4 44.
Qe7 Qc2+ 45. Qe2 Qc6+ 46. Qf3 Qc2+ 47. Re2 Qxa4 48. d5 Qd4 49. Re6 a4 50.
Re1 a3 51. Rh1+ Kg5 52. Qxa3 Qxd5+ 53. Qf3 Qd2+ 54. Kg1 Qe1+ 55. Kg2 Qd2+
56. Kg1 Qe1+ 57. Kg2 Qd2+ 58. Kg1 1/2-1/2

[Event "36th Olympiad w"]
[Site "Calvia ESP"]
[Date "2004.10.25"]
[Round "10"]
[White "Hagesaether,E"]
[Black "Chang,S"]
[Result "1-0"]
[WhiteElo "2188"]
[BlackElo "2095"]
[EventDate "2004.10.15"]

1. e4 c5 2. d3 Nc6 3. g3 d5 4. Nd2 Nf6 5. Bg2 dxe4 6. dxe4 g6 7. Ngf3 Bg7
8. O-O O-O 9. c3 Qc7 10. Qe2 b6 11. h3 a5 12. e5 Ba6 13. c4 Ne8 14. Re1 Rd8
15. a3 Bc8 16. g4 Qb8 17. Nf1 Nc7 18. Bf4 Ne6 19. Bg3 Bb7 20. Rac1 Bh6 21.
g5 Bg7 22. Ne3 Ncd4 23. Nxd4 Nxd4 24. Qg4 Bxg2 25. Kxg2 Qb7+ 26. f3 e6 27.
Rcd1 Rd7 28. Qe4 Qxe4 29. fxe4 Rfd8 30. Ng4 Nb3 31. Rd6 Rxd6 32. exd6 Bd4
33. Rf1 Nd2 34. Nh6+ 1-0

[Event "36th Olympiad w"]
[Site "Calvia ESP"]
[Date "2004.10.25"]
[Round "10"]
[White "Ribeiro,Re"]
[Black "Bjerke,S"]
[Result "1/2-1/2"]
[WhiteElo "2076"]
[BlackElo "2142"]
[EventDate "2004.10.15"]

1. Nf3 d5 2. b3 Nf6 3. Bb2 e6 4. g3 Be7 5. Bg2 O-O 6. O-O c5 7. d4 Nc6 8.
e3 b6 9. c4 Ba6 10. Re1 cxd4 11. Nxd4 Nxd4 12. Qxd4 Bb7 13. Nc3 Bc5 14. Qh4
Rb8 15. Red1 Be7 16. Qf4 Bd6 17. Qh4 Be7 18. Qf4 Bd6 1/2-1/2

[Event "36th Olympiad w"]
[Site "Calvia ESP"]
[Date "2004.10.25"]
[Round "10"]
[White "Berntsen,S"]
[Black "Cruz,Ev"]
[Result "1-0"]
[WhiteElo "2118"]
[BlackElo "2036"]
[EventDate "2004.10.15"]

1. e4 d6 2. d4 Nf6 3. Nc3 g6 4. Be3 c6 5. Qd2 b5 6. f3 h5 7. h4 Bg7 8. Nh3
a6 9. Ng5 Nbd7 10. e5 dxe5 11. dxe5 Nxe5 12. Qxd8+ Kxd8 13. Bd4 Nfd7 14. f4
Ke8 15. fxe5 Nxe5 16. O-O-O Bf5 17. Re1 Nd3+ 18. Bxd3 Bxd4 19. Bxf5 gxf5
20. Rhf1 b4 21. Na4 Rb8 22. Rxf5 Rd8 23. c3 bxc3 24. bxc3 Ba7 25. Rxf7 Rb8
26. Rf5 Kd7 27. Ne6 Rhc8 28. Nac5+ Bxc5 29. Nxc5+ Kd8 30. Rxh5 Rb6 31. Rg5
1-0

[Event "36th Olympiad w"]
[Site "Calvia ESP"]
[Date "2004.10.25"]
[Round "10"]
[White "Bakalarz,G"]
[Black "Lindiawati,E"]
[Result "1/2-1/2"]
[WhiteElo "2035"]
[BlackElo "2125"]
[EventDate "2004.10.15"]

1. d4 Nf6 2. Nf3 e6 3. Bg5 Be7 4. Nbd2 d5 5. c3 O-O 6. e3 c5 7. Bd3 b6 8.
O-O Ba6 9. Bxa6 Nxa6 10. Qe2 Nb8 11. Rad1 Nc6 12. Ne5 Nxe5 13. dxe5 Nd7 14.
Bf4 f6 15. exf6 Bxf6 16. Bd6 Re8 17. e4 Be5 18. Bxe5 Nxe5 19. f4 Nc6 20.
Nf3 Qc7 21. e5 Rad8 22. Qc2 Qf7 23. Ng5 Qf5 24. Qxf5 exf5 25. Nf3 Kf7 26.
Rfe1 h6 27. h4 Ke6 28. h5 Rg8 29. Nh4 Ne7 30. g3 g5 31. hxg6 Nxg6 32. Ng2
Ne7 33. Kf2 Rg6 34. Rh1 Nc6 35. Rh5 Rdg8 36. Rh3 Ne7 37. Rdh1 Rh8 38. Nh4
Rg7 39. Ng2 Rg6 40. Rh5 b5 41. Nh4 Rg7 42. Nf3 Rg6 43. Nh4 Rg7 1/2-1/2

[Event "36th Olympiad w"]
[Site "Calvia ESP"]
[Date "2004.10.25"]
[Round "10"]
[White "Lomibao,S"]
[Black "Titova Boric,E"]
[Result "0-1"]
[WhiteElo "2089"]
[BlackElo "2252"]
[EventDate "2004.10.15"]

1. e4 Nf6 2. Nc3 d5 3. exd5 Nxd5 4. Bc4 c6 5. Qf3 Nf6 6. Ne4 Nbd7 7. Nxf6+
Nxf6 8. h3 g6 9. Ne2 Bg7 10. d4 O-O 11. Bd2 Bf5 12. Bd3 Bxd3 13. Qxd3 Qd7
14. O-O Rad8 15. Rfd1 c5 16. dxc5 Qxd3 17. cxd3 Rxd3 18. Ba5 Rd5 19. Rac1
Rc8 20. Bb4 e6 21. Nc3 Rxd1+ 22. Rxd1 Bf8 23. Nb5 Nd5 24. a3 a6 25. Nd6
Bxd6 26. cxd6 Rd8 27. Rd4 b6 28. Kf1 a5 29. Bc3 Rxd6 30. Rc4 Nxc3 31. Rxc3
Kg7 32. Ke2 g5 33. Rc4 h5 34. a4 f5 35. g3 Kf6 36. b4 axb4 37. Rxb4 Rc6 38.
Rb5 Rc4 39. Rxb6 Rxa4 40. Kf3 h4 41. Rb2 Ra3+ 42. Kg2 hxg3 43. fxg3 Ke5 44.
Re2+ Kd5 45. Rd2+ Ke4 46. Re2+ Re3 47. Ra2 f4 48. Ra4+ Kf5 49. g4+ Kf6 50.
Ra5 Re2+ 51. Kf1 Rh2 52. Ra3 Rb2 53. Ra6 Rd2 54. Ra8 Rd5 55. Ke2 Ke5 56.
Ra3 Ke4 57. Rb3 Rd4 58. Ra3 Rb4 59. Ra6 e5 60. Ra3 f3+ 61. Kf2 Rb2+ 62. Kg1
Kf4 0-1

[Event "36th Olympiad w"]
[Site "Calvia ESP"]
[Date "2004.10.25"]
[Round "10"]
[White "Khamrakulova,I"]
[Black "Piarnpuu,L"]
[Result "1/2-1/2"]
[WhiteElo "2217"]
[BlackElo "2227"]
[EventDate "2004.10.15"]

1. e4 e6 2. d4 d5 3. Nd2 c5 4. Ngf3 cxd4 5. exd5 Qxd5 6. Bc4 Qd6 7. O-O Nf6
8. Nb3 Nc6 9. Nbxd4 Nxd4 10. Qxd4 Bd7 11. Be3 Qxd4 12. Bxd4 Rc8 13. Bb3 Bc5
14. Rad1 Bxd4 15. Rxd4 Ke7 16. Ne5 Rhd8 17. Rfd1 Be8 18. f4 Rxd4 19. Rxd4
Rd8 20. Rxd8 Kxd8 21. Kf2 Ke7 22. h3 Nd7 23. Nxd7 Bxd7 24. g4 f6 25. c3 Kd6
26. Ke3 e5 27. Bd1 b6 28. a3 Bc6 1/2-1/2

[Event "36th Olympiad w"]
[Site "Calvia ESP"]
[Date "2004.10.25"]
[Round "10"]
[White "Jose Polanco,Ken"]
[Black "Topel,Z"]
[Result "1/2-1/2"]
[WhiteElo "2003"]
[BlackElo "2062"]
[EventDate "2004.10.15"]

1. e4 c6 2. d4 d5 3. Bd3 dxe4 4. Bxe4 Nf6 5. Bf3 Bf5 6. Ne2 e6 7. Ng3 Bg6
8. c3 Qc7 9. Nd2 Nbd7 10. Be4 Nxe4 11. Ndxe4 Be7 12. Qe2 Nf6 13. Nxf6+ Bxf6
14. O-O O-O 15. Re1 h6 16. Nh5 Be7 17. Bf4 Bd6 18. Bxd6 Qxd6 19. Qg4 b5 20.
h4 Bxh5 21. Qxh5 b4 22. Re3 bxc3 23. bxc3 Rac8 24. Qe5 Rfd8 25. Qxd6 Rxd6
26. Rb1 c5 27. dxc5 Ra6 28. Rb7 Rxc5 29. Rd3 Rd5 30. Rxd5 exd5 31. Rb2 Ra3
32. Rc2 Kf8 33. Kf1 Ke7 34. Ke2 Kd6 35. Kd3 h5 36. f3 Kc5 37. g4 hxg4 38.
fxg4 d4 39. h5 f6 40. Kd2 Kd6 41. cxd4 Rg3 42. Rc4 Rxg4 43. Ra4 Kd5 44.
Rxa7 Rxd4+ 45. Ke3 Rg4 46. Kf3 Rg1 47. Kf4 Ke6 48. a4 Rf1+ 49. Kg4 f5+ 50.
Kg5 Rg1+ 51. Kf4 Rf1+ 52. Kg5 Rg1+ 53. Kf4 Rg4+ 54. Kf3 Kf6 55. a5 Ra4 56.
a6 Ra3+ 57. Kf4 Ra4+ 58. Kf3 Ra3+ 59. Ke2 Ke5 60. Ra8 Kf4 61. a7 Ra2+ 62.
Kd1 Kf3 63. Ke1 f4 64. Kd1 Kf2 65. Rf8 Rxa7 66. Rxf4+ Kg3 67. Rf5 Kg4 68.
Rb5 Ra8 69. h6 gxh6 70. Ke2 Rf8 71. Rb1 h5 72. Rg1+ Kh4 73. Rh1+ Kg5 74.
Rg1+ Kh6 75. Rf1 Ra8 76. Kf2 h4 77. Kg2 Kg5 78. Kh1 Kg4 79. Rg1+ Kh3 80.
Rd1 Ra3 1/2-1/2

[Event "36th Olympiad w"]
[Site "Calvia ESP"]
[Date "2004.10.25"]
[Round "10"]
[White "Coimbra,M"]
[Black "Khaziyeva,D"]
[Result "0-1"]
[WhiteElo "2079"]
[BlackElo "2100"]
[EventDate "2004.10.15"]

1. e4 c6 2. d4 d5 3. Nd2 dxe4 4. Nxe4 Nf6 5. Nxf6+ exf6 6. Bc4 Bd6 7. Nf3
O-O 8. O-O Bg4 9. b3 Bc7 10. Ba3 Re8 11. d5 b5 12. Be2 a5 13. c3 b4 14.
cxb4 Qd6 15. dxc6 axb4 16. Bb2 Nxc6 17. Qxd6 Bxd6 18. Rfe1 Kf8 19. h3 Bh5
20. g4 Bg6 21. Nd4 Be5 22. Rad1 Rxa2 23. Bb5 Rxb2 24. Nxc6 Rc8 25. Nxe5
fxe5 26. Rxe5 Rxb3 27. Rd7 f6 28. Ree7 Be8 29. Rb7 Bxb5 30. Rf7+ Ke8 31.
Rxg7 Rb1+ 32. Kh2 Bc4 33. Rxh7 Bg8 34. Rh8 Kf8 35. h4 b3 36. h5 Rb2 37. Kg2
Rbc2 38. h6 R2c7 39. h7 Rxh7 40. Rbxh7 Rb8 41. Rh1 b2 42. Rb1 Kg7 43. Rxg8+
Kxg8 44. f4 Rb3 45. g5 f5 46. Kf2 Kf7 47. Ke2 Kg6 48. Kd2 Rb4 49. Kc3 Rxf4
50. Rxb2 Kxg5 51. Kd3 Re4 52. Rg2+ Kf4 53. Rg8 Kf3 54. Rh8 Re3+ 55. Kd2 f4
56. Rf8 Re7 57. Rf6 Kg3 58. Rg6+ Kf2 59. Rf6 Rd7+ 60. Kc3 f3 61. Rf8 Rd5
62. Kc4 Rd1 63. Kc3 Kg2 64. Kc2 Rd5 65. Rg8+ Kf2 66. Rf8 Kg3 67. Rg8+ Kf4
68. Rf8+ Rf5 69. Ra8 f2 0-1

[Event "36th Olympiad w"]
[Site "Calvia ESP"]
[Date "2004.10.25"]
[Round "10"]
[White "Mongeau,D"]
[Black "Pintor,A"]
[Result "0-1"]
[WhiteElo "2079"]
[BlackElo "2058"]
[EventDate "2004.10.15"]

1. d4 Nf6 2. Nf3 d6 3. c4 c6 4. Nc3 Nbd7 5. e4 e5 6. Be2 Be7 7. O-O O-O 8.
b3 exd4 9. Nxd4 Nc5 10. Bf3 Re8 11. Re1 a5 12. a3 Bf8 13. Rb1 g6 14. b4
axb4 15. axb4 Ne6 16. Be3 Bg7 17. b5 Nxd4 18. Bxd4 c5 19. Be3 Nd7 20. Nd5
Ne5 21. Be2 f5 22. f4 Nf7 23. e5 dxe5 24. Bxc5 Be6 25. Bb6 Qd6 26. Bc7 Qc5+
27. Kh1 Bxd5 28. Qxd5 Qxc7 29. b6 Qc8 30. c5 Rd8 31. Qc4 Rd4 32. Qb5 Rd5
33. Rbc1 Bf8 34. Bc4 Rxc5 35. Qb3 Kh8 36. Rc2 Nd6 37. Bd3 Rxc2 38. Bxc2 e4
39. h3 Qc4 40. Rb1 Rc8 0-1

[Event "36th Olympiad w"]
[Site "Calvia ESP"]
[Date "2004.10.25"]
[Round "10"]
[White "Baptista,A"]
[Black "Goutor,V"]
[Result "1/2-1/2"]
[WhiteElo "2042"]
[BlackElo "2013"]
[EventDate "2004.10.15"]

1. e4 c5 2. Nf3 d6 3. d4 cxd4 4. Nxd4 Nf6 5. Nc3 g6 6. Be2 Bg7 7. Be3 O-O
8. O-O Nc6 9. h3 Bd7 10. Qd2 a6 11. Rad1 b5 12. a3 Rc8 13. Nxc6 Bxc6 14.
Bd3 Nd7 15. Bh6 Bb7 16. Bxg7 Kxg7 17. Nd5 Nb6 18. Ne3 Na4 19. c4 bxc4 20.
Bxc4 Qb6 21. b3 Nc5 22. Qb2+ Kg8 23. Ng4 e5 24. Nf6+ Kg7 25. Nd5 Bxd5 26.
Bxd5 Rc7 27. Rd2 Rd8 28. Rfd1 Rcd7 29. b4 Ne6 30. Kh2 Nd4 31. f4 Rc8 32.
Rf1 Rdc7 33. fxe5 dxe5 34. Rdf2 f6 35. Rxf6 Qxf6 36. Rxf6 Kxf6 37. Qf2+ Kg7
38. Qg3 Re8 39. Qd3 Rc2 40. Bb3 Rb2 41. Bd1 Rf8 42. Kg3 Rff2 43. Qxa6 Rxg2+
44. Kh4 g5+ 45. Kh5 Ne2 46. Qb7+ Kf6 47. Qc6+ Kg7 48. Qd7+ Kf6 49. Qf5+ Ke7
50. Qxe5+ Kf7 51. Qf5+ Kg7 52. Bxe2 Rbxe2 53. e5 Ref2 54. Qd7+ Rf7 55. Qd4
g4 56. Kh4 gxh3 57. e6+ Rf6 58. Qd7+ Kh6 59. Kxh3 Rgf2 60. Qd4 R2f4 61. Qd1
Rh4+ 62. Kg3 Rg4+ 63. Kh3 1/2-1/2

[Event "36th Olympiad w"]
[Site "Calvia ESP"]
[Date "2004.10.25"]
[Round "10"]
[White "Smith,V"]
[Black "Tilenbaeva,J"]
[Result "0-1"]
[WhiteElo "1966"]
[BlackElo "2080"]
[EventDate "2004.10.15"]

1. e4 c6 2. d4 d5 3. exd5 cxd5 4. Bd3 Nc6 5. c3 Nf6 6. Bf4 Bg4 7. Qb3 Qd7
8. Nd2 e6 9. Ngf3 Bd6 10. Bxd6 Qxd6 11. O-O O-O 12. Rfe1 Bxf3 13. Nxf3 a6
14. Rad1 b5 15. a3 Na5 16. Qc2 Nc4 17. Ne5 a5 18. Qe2 a4 19. Bxc4 bxc4 20.
h4 Rfc8 21. h5 h6 22. g3 g6 23. hxg6 fxg6 0-1

[Event "36th Olympiad w"]
[Site "Calvia ESP"]
[Date "2004.10.25"]
[Round "10"]
[White "Cima,R"]
[Black "Cast,A"]
[Result "1/2-1/2"]
[WhiteElo "2130"]
[BlackElo "2082"]
[EventDate "2004.10.15"]

1. e4 e6 2. d4 d5 3. e5 c5 4. c3 Nc6 5. Nf3 Qb6 6. Be2 Bd7 7. O-O Rc8 8.
Kh1 cxd4 9. cxd4 Nge7 10. Nc3 Ng6 11. Na4 Qc7 12. Ne1 Nb4 13. Nc3 Be7 14.
Be3 O-O 15. Nd3 Nxd3 16. Bxd3 Bc6 17. Ne2 Qd8 18. Nf4 Nxf4 19. Bxf4 Qe8 20.
Qg4 f5 21. exf6 Bxf6 22. Bd6 Rf7 23. Rae1 Bd7 24. Be5 Qf8 25. f4 g6 26. a3
Qg7 27. Rf3 a6 28. Ref1 Re8 1/2-1/2

[Event "36th Olympiad w"]
[Site "Calvia ESP"]
[Date "2004.10.25"]
[Round "10"]
[White "Dymshits,G"]
[Black "Connolly,S"]
[Result "1/2-1/2"]
[WhiteElo "2081"]
[BlackElo "2076"]
[EventDate "2004.10.15"]

1. e4 c6 2. d4 d5 3. e5 Bf5 4. Nf3 e6 5. Be2 Ne7 6. O-O h6 7. c3 Qb6 8.
Nbd2 Nd7 9. Qb3 Nc8 10. Qxb6 Ncxb6 11. a4 a5 12. b3 Be7 13. Ba3 Bxa3 14.
Rxa3 O-O 15. Rc1 Rfc8 16. Raa1 1/2-1/2

[Event "36th Olympiad w"]
[Site "Calvia ESP"]
[Date "2004.10.25"]
[Round "10"]
[White "Quinn,De"]
[Black "Melnik,G"]
[Result "1/2-1/2"]
[WhiteElo "2036"]
[BlackElo "2083"]
[EventDate "2004.10.15"]

1. e4 c6 2. d4 d5 3. exd5 cxd5 4. c4 Nf6 5. Nc3 e6 6. Nf3 Be7 7. Be2 dxc4
8. Bxc4 O-O 9. O-O Nc6 10. h3 Nd5 11. Bxd5 exd5 12. Qb3 Bf6 13. Be3 Ne7 14.
Rac1 b6 15. Bf4 Ba6 16. Rfe1 Bc4 17. Qc2 Rc8 18. Qa4 a5 19. Nb5 Qd7 20. Nc3
b5 21. Qd1 b4 22. Na4 Qd8 23. b3 Bb5 24. Nc5 Ng6 25. Qd2 Nxf4 26. Qxf4 h6
27. Qf5 Rc7 28. Re3 Qd6 29. Rce1 g6 30. Qb1 Kg7 31. Ne5 Bxe5 32. Rxe5 Bd7
33. Nxd7 Qxd7 34. Qd3 Qd6 35. Qc3 1/2-1/2

[Event "36th Olympiad w"]
[Site "Calvia ESP"]
[Date "2004.10.25"]
[Round "10"]
[White "Hamid,R"]
[Black "Mudongo,B"]
[Result "1-0"]
[WhiteElo "2164"]
[BlackElo "1978"]
[EventDate "2004.10.15"]

1. e4 c5 2. Nf3 d6 3. d4 cxd4 4. Nxd4 Nf6 5. Nc3 a6 6. a4 e5 7. Nb3 Be6 8.
Be2 Be7 9. Be3 Nbd7 10. O-O Rc8 11. f4 O-O 12. Kh1 Nb6 13. f5 Bc4 14. Na5
Bxe2 15. Qxe2 Qc7 16. g4 d5 17. g5 Nxe4 18. Nxe4 dxe4 19. f6 Bc5 20. fxg7
Kxg7 21. Nb3 Be7 1-0